Normal view
MARC view
- Comunicación
Entry Materia
Number of records used in: 377
001 - NÚMERO DE CONTROL DEL REGISTRO
- campo de control: 9285
003 - IDENTIFICADOR DE NUMERO DE CONTROL
- campo de control: UPN
005 - FECHA Y HORA DE LA ÚLTIMA TRANSACCIÓN
- campo de control: 20240112145449.0
008 - DATOS DE LONGITUD FIJA
- campo de control de longitud fija: 220810n||acnnnbabn | ana |d
035 ## - NÚMERO DE CONTROL DEL SISTEMA
- Número de control del sistema: UPN10000009291
040 ## - FUENTE DE LA CATALOGACIÓN
- Centro catalogador de origen: UPN
- Lengua de catalogación: spa
- Agencia de transcripción: UPN
046 ## - FECHAS CON CODIFICACIÓN ESPECIAL
- Fecha final para contenidos agregados: 2022
053 #4 - NÚMERO CLASIFICADOR - BIBLIOTECA DEL CONGRESO (LC)
- Elemento numérico de la clasificación - Número único o no. inicial del rango: P90
150 ## - ENCABEZAMIENTO - TEMÁTICO
- Término de materia o nombre geográfico como elemento inicial: Comunicación
450 ## - VÉASE - MATERIA
- Encabezamiento temático: Comunicación de las ideas
670 ## - FUENTE EN LA QUE SE LOCALIZARON DATOS
- Cita de la fuente: E
680 ## - NOTA GENERAL CON DESPLIEGUE PÚBLICO
- Texto explicativo: Aquí se asientan las obras sobre las comunicaciones humanas, incluyendo las técnicas primarias del lenguaje, grabados, etc. y las técnicas secundarias que facilitan el proceso, tales como la prensa y la radio. Las obras relacionadas con los medios individuales de comunicación se asientan bajo
- Encabezamiento: LENGUAJE Y LENGUAS ; IMPRENTA ; TELECOMUNICACIONES,
- Texto explicativo: etc. Las obras relacionadas colectivamente con las industrias concernientes se asientan bajo
- Encabezamiento: COMUNICACIONES Y TRANSITO
902 ## - CATALOGADOR
- Catalogador: CAA/140408
